Score 0/40 Timer 08:00
0 Plays Today
Swapped Show Normal TV Show % Correct
Sarah, the Vampire SlayerBuffy, the Vampire Slayer
93.2%
Melissa, the Teenage WitchSabrina, the Teenage Witch
91%
Pompeo's AnatomyGrey's Anatomy
90.4%
Frankie in the MiddleMalcolm in the Middle
90.1%
Ugly AmericaUgly Betty
89.9%
The Reed BunchThe Brady Bunch
88.2%
James' CreekDawson's Creek
88%
Norris, Texas RangerWalker, Texas Ranger
82.2%
Lucy: Warrior PrincessXena: Warrior Princess
82.2%
My Name is JasonMy Name is Earl
79.9%
Selleck, P.I.Magnum, P.I.
79.5%
Laurie, M.D.House, M.D.
76.7%
Denver's IslandGilligan's Island
74.8%
Hasselhoff RiderKnight Rider
74.2%
The New Adventures of Old JuliaThe New Adventures of Old Christine
73.6%
The GandolfinisThe Sopranos
71.3%
KelseyFrasier/Hank
71.1%
Scott in ChargeCharles in Charge
70.6%
Suddenly BrookeSuddenly Susan
69.5%
I Dream of BarbaraI Dream of Jeannie
68.1%
Swapped Show Normal TV Show % Correct
Eric & DebraWill & Grace
66.7%
Dr. Seymour, Medicine WomanDr. Quinn, Medicine Woman
66.4%
Welcome Back, KaplanWelcome Back, Kotter
62.5%
ShalhoubMonk
59.3%
Calista FlockhartAlly McBeal
56.1%
Nurse EdieNurse Jackie
51.8%
Robin & PamMork & Mindy
45.6%
The Garner FilesThe Rockford Files
44.3%
Kristen BellVeronica Mars
44%
BeaMaude
41.8%
FalkColumbo
41.3%
DansonBecker
39.6%
Lea in the CityCaroline in the City
37.4%
Gless & DalyCagney & Lacey
34.9%
Ed AsnerLou Grant
27.4%
Hal LindenBarney Miller
25.1%
ZacharyChuck
21.4%
Mr. HewettMr. Belvedere
19.5%
William's HeadHerman's Head
14.8%
The Days and Nights of Blair BrownThe Days and Nights of Molly Dodd
11.9%
Remove Ads.
Support Sporcle.
Get the best of Sporcle when you Go Orange. This ad-free experience offers more features, more stats, and more fun while also helping to support Sporcle. Thank you for becoming a member.

You're not logged in!

Compare scores with friends on all Sporcle quizzes.
OR
Log In

Sporcle TV

Today on Sporcle TV


Watch our educational content, quiz creation guides, and fun videos on Sporcle TV.

Show Comments

Extras

Top Quizzes Today


Score Distribution

Paid Content

Your Account Isn't Verified!

In order to create a playlist on Sporcle, you need to verify the email address you used during registration. Go to your Sporcle Settings to finish the process.

Report this User

Report this user for behavior that violates our Community Guidelines.

Details: